| 000 | 00318nam a2200097Ia 4500 | ||
|---|---|---|---|
| 008 | 230915s9999 xx 000 0 und d | ||
| 050 | _aSB 123.3 .A337 1988 | ||
| 100 | _aPANESA | ||
| 245 | 0 | _aAFRICAN FORAGE PLANT GENETIC RESOURCES,EVALUATION OF FORAGE GERMPLASM AND EXTENSIVE LIVESTOCK PRODUCTION SYSTEMS | |
| 942 | _cBK | ||
| 999 |
_c201701 _d201701 |
||